Online
Catalog

Sobre el criminal bloqueo de Estados Unidos a Cuba / (Record no. 17451)

MARC details
000 -CABECERA
campo de control de longitud fija 00851nam a2200217 a 4500
001 - NÚMERO DE CONTROL
campo de control 000017927
003 - IDENTIFICADOR DEL NÚMERO DE CONTROL
campo de control OSt
005 - FECHA Y HORA DE LA ÚLTIMA TRANSACCIÓN
campo de control 20240305090729.0
008 - DATOS DE LONGITUD FIJA--INFORMACIÓN GENERAL
campo de control de longitud fija 100407s2004 dr cd 000 0 spa d
020 ## - NÚMERO INTERNACIONAL ESTÁNDAR DEL LIBRO
Número Internacional Estándar del Libro 9945100017
040 ## - FUENTE DE LA CATALOGACIÓN
Centro catalogador/agencia de origen DO-SdBNP
Lengua de catalogación spa
Centro/agencia transcriptor BNPHU
082 ## - NÚMERO DE LA CLASIFICACIÓN DECIMAL DEWEY
Número de documento/Ítem S677c
245 00 - MENCIÓN DE TÍTULO
Título Sobre el criminal bloqueo de Estados Unidos a Cuba /
Mención de responsabilidad, etc. prólogo Franklin Franco Pichardo.
260 ## - PUBLICACIÓN, DISTRIBUCIÓN, ETC.
Lugar de publicación, distribución, etc. Santo Domingo :
Nombre del editor, distribuidor, etc. Sociedad Editorial Dominicana,
Fecha de publicación, distribución, etc. 2004.
300 ## - DESCRIPCIÓN FÍSICA
Extensión 81 p. :
Otras características físicas retrs., diagrf. ;
Dimensiones 22 cm.
500 ## - NOTA GENERAL
Nota general Informe de Cuba al Secretario general sobre resoluciones 57/11 de la Asamblea General de la Naciones Unidas La Habana, 8 de julio del 2003.
500 ## - NOTA GENERAL
Nota general Incluye referencias bibliográficas y notas al pie de las páginas
590 ## - NOTA LOCAL (RLIN)
Nota local Inventariado, 2020 /LP
700 1# - PUNTO DE ACCESO ADICIONAL--NOMBRE DE PERSONA
Nombre de persona Franco, Franklin J.,
Fechas asociadas al nombre 1936-
Término indicativo de función/relación pról.
9 (RLIN) 34417
942 ## - ELEMENTOS DE PUNTO DE ACCESO ADICIONAL (KOHA)
Fuente del sistema de clasificación o colocación Dewey Decimal Classification
Tipo de ítem Koha Libro
Holdings
Estado de retiro Estado de pérdida Fuente del sistema de clasificación o colocación No para préstamo Código de colección Localización permanente Ubicación/localización actual Ubicación en estantería Fecha de adquisición Número de inventario Total de préstamos Signatura topográfica completa Código de barras Fecha visto por última vez Precio válido a partir de Tipo de ítem Koha Número de copia Fuente de adquisición
    Dewey Decimal Classification Préstamo en sala Monografías: Libros y Folletos Biblioteca Nacional Pedro Henríquez Ureña General Depósito 02.12.2020     S677c   02.12.2020 02.12.2020 Libro e. 3  
    Dewey Decimal Classification Préstamo en sala Monografías: Libros y Folletos Biblioteca Nacional Pedro Henríquez Ureña General Depósito 02.12.2020     S677c   02.12.2020 02.12.2020 Libro e .4 Donado Irma Rodríguez
    Dewey Decimal Classification Excluido de préstamo Patrimonio Dominicano Biblioteca Nacional Pedro Henríquez Ureña Patrimonio Dominicano Depósito 07.04.2010 LF1   S677c 17927-10 25.06.2020 25.06.2020 Libro y Folleto Colección Patrimonio Dominicano    
    Dewey Decimal Classification Excluido de préstamo Patrimonio Dominicano Biblioteca Nacional Pedro Henríquez Ureña Patrimonio Dominicano Depósito 07.04.2010 LF1   S677c 17927-20 25.06.2020 25.06.2020 Libro y Folleto Colección Patrimonio Dominicano e. 2  

Powered by Koha